LEADER 00591nam a2200169 i 4500 001 000000103564 003 CaOOAMICUS 005 20250923124911.0 008 040907s1994 it u000 u ita u 040 $aSeMil$bita 245 10$aVol. 2. 300 $a710 p. :$bill. ;$c25 cm. 773 0 $aCharbonneau-Lassay, Louis <1871-1946>$tBestiario del Cristo.$dRoma : Arkeios, 1994.$kVia dei simboli $w()1751 850 $aSeMil 852 $aSeMil$W1$xVenegono$y1$m3UA D 4/2$j262089$B60025$CSeMilBibl$Z2$F44501 $81 996 $6245$aVol. 2$9(OLS)http://semarc/title/13458 LEADER 00714nab a2200145 i 4500 001 000000285471 003 CaOOAMICUS 005 20180831165314.0 008 180831n xx uu u0 0und r 013 $a38951 040 $aSeMil$bita 245 10$a[VEDI PERIODICO]. - Allegato :$bMuseum Genius Loci (n.27) 500 $a2002. 773 0 $tArte e fede ; Cristo Speranza del Mondo Vienna (Austria), Heinz Tesar. Il Carmelo di Saint Maur Jura (Francia), Jean Cosse. Il Santuario di Pandino Cremona, Claudio Bettinelli. S. Antonio a Fulgenzio Lecce, Centro per l'Arte Signum ; Museum Genius..$dMilano : Di Baio, 2002.$w()239876 996 $6245$a[VEDI PERIODICO]. - Allegato :$bMuseum Genius Loci (n.27)$9(OLS)http://semarc/title/366114